Історія України (Запис № 307494)

МАРК-запис
000 -Лідер
fixed length control field 00608nam a22002537a 4500
003 - Ідентифікатор контрольного номера
control field UA-OsUOA
001 - Контрольний номер
control field 21300
007 - Фіксоване поле фізичного опису
fixed length control field ta
008 - Елементи даних фіксованої довжини – загальна інформація
fixed length control field 20031126b un ||||| |||| 00| 0 ukr d
090 ## - Локальний шифр розміщення
Класифікаційний індекс УДК 94(477)(075.8)
Авторський знак (НП) Б77
040 ## - Джерело каталогізації
Агенція оригінальної каталогізації UA-OsUOA
Мова каталогізації ukr
Агенція, яка здійснювала перезапис UA-OsUOA
Агенція, яка здійснювала модифікацію UA-OsUOA
041 ## - Код мови
Код мови тексту/ звукової доріжки чи окремого заголовка (П) ukr
080 ## - Індекс Універсальної десяткової класифікації
Індекс Універсальної десяткової класифікації (УДК) (НП) 94(477)(075.8)
020 ## - Міжнародний стандартний книжковий номер (ISBN)
Міжнародний стандартний книжковий номер (ISBN) (НП) 966-8226-03-8
044 ## - Код країни видавця/ виробника
Код країни видавця/ виробника (П) UA
100 ## - Основне введення – ім’я особи
Ім’я особи (НП) Бойко О.Д.
245 ## - Відомості про назву
Назва (НП) Історія України
Решта назви (НП) Посібник
260 ## - Публікація, розповсюдження і т.п. (Вихідні дані)
Місце публікації, розповсюдження і т.п. (П) Київ
Ім’я/ наймення видавництва, розповсюджувача і т.п. (П) Академвидав
Дата публікації, розповсюдження і т.п. (П) 2003
300 ## - Фізичний опис
Обсяг 656 с.
650 #7 - Додаткове предметне введення – тематичний термін
Джерело заголовка чи терміна UDC
942 ## - Додаткові елементи входу (Коха)
Тип елемента Koha Книги
955 ## - Код типу видання за змістом
Код типу видання за змістом (НП) інше
Фонди
Стан вилучень Стан втрат Джерело класифікації або схеми стелажів Стан уражень Не для кредиту Постійне місце розташування Поточне розміщення Дата придбання Вартість, звичайна ціна покупки Інвентарний номер Усього замовленно Повний номер виклику Штрих-код Дата останнього перегляду Дата останньої перевірки Ціна ефективна від Тип елемента Koha Перевірено
    Universal Decimal Classification     АБ - Абонемент НБ АБ - Абонемент НБ 26/11/2003 25.30 76044 1 94(477)(075.8) Б77 76044 21/01/2022 12/09/2019 26/11/2003 Книги  
Withdrawn   Universal Decimal Classification     АБ - Абонемент НБ АБ - Абонемент НБ 26/11/2003 25.30 76045   94(477)(075.8) Б77 76045 13/07/2019   26/11/2003 Книги  
    Universal Decimal Classification     АБ - Абонемент НБ АБ - Абонемент НБ 26/11/2003 25.30 76046 1 94(477)(075.8) Б77 76046 24/07/2019 24/07/2019 26/11/2003 Книги 07/08/2019
Withdrawn   Universal Decimal Classification     АБ - Абонемент НБ АБ - Абонемент НБ 26/11/2003 25.30 76047   94(477)(075.8) Б77 76047 13/07/2019   26/11/2003 Книги  
Withdrawn   Universal Decimal Classification     АБ - Абонемент НБ АБ - Абонемент НБ 26/11/2003 25.30 76048   94(477)(075.8) Б77 76048 13/07/2019   26/11/2003 Книги  
    Universal Decimal Classification     ЧЗ - Читальна зала ЧЗ - Читальна зала 26/11/2003 25.30 76049   94(477)(075.8) Б77 76049 07/02/2022   26/11/2003 Книги  
Withdrawn   Universal Decimal Classification     ЧЗ - Читальна зала ЧЗ - Читальна зала 26/11/2003 25.30 76050   94(477)(075.8) Б77 76050 13/07/2019   26/11/2003 Книги  
    Universal Decimal Classification     ЧЗ - Читальна зала ЧЗ - Читальна зала 26/11/2003 25.30 76051 1 94(477)(075.8) Б77 76051 07/02/2022 15/01/2020 26/11/2003 Книги  
    Universal Decimal Classification     ЧЗ - Читальна зала ЧЗ - Читальна зала 26/11/2003 25.30 76052   94(477)(075.8) Б77 76052 07/02/2022   26/11/2003 Книги  
Withdrawn   Universal Decimal Classification     ЧЗ - Читальна зала ЧЗ - Читальна зала 26/11/2003 25.30 76053   94(477)(075.8) Б77 76053 13/07/2019   26/11/2003 Книги